[Event "Dun Laoghaire Centenary IM 2010"]
[Site "Dun Laoghaire IRL"]
[Date "2010.08.25"]
[Round "5"]
[White "Brady, Stephen"]
[Black "Tvarijonas, Povilas"]
[Result "1-0"]
[WhiteTitle "FM"]
[BlackTitle "FM"]
[WhiteElo "2376"]
[BlackElo "2370"]
[WhiteICU "2354"]
[WhiteClub "Phibsboro"]
[WhiteNationality "IRL"]
[BlackNationality "LTU"]
[WhiteFideId "2500124"]
[BlackFideId "12802581"]
[PlyCount "77"]
[EventDate "2010.08.21"]
[Source "TWIC 825"]
[EventFullName "D&uacute;n Laoghaire Centenary IM 2010"]

{ Event information: <a
href="http://www.irlchess.com/dunlaoghaireim2010_allfiles/pairings_dunlaoghaireim2010.html">Tournament
report</a>. }

1. e4 c5 2. c3 d5 3. exd5 Qxd5 4. d4 Nc6 5. Nf3 Bg4 6. Be2 cxd4 7. cxd4 e6
8. Nc3 Qa5 9. O-O Nf6 10. a3 Be7 11. Qb3 Qb6 12. Qxb6 axb6 13. Be3 O-O 14.
h3 Bh5 15. g4 Bg6 16. Ne5 Rfd8 17. Nxg6 hxg6 18. Rfd1 Nd5 19. Nxd5 exd5 20.
Rac1 g5 21. Rc3 Rd6 22. Kg2 g6 23. f4 gxf4 24. Bxf4 Rf6 25. Bg3 Bd6 26. g5
Bxg3 27. gxf6 Bh4 28. Bf3 Bxf6 29. Bxd5 Nxd4 30. Rc7 Rf8 31. Rxb7 Nf5 32.
Rd2 Ne3+ 33. Kf3 Nxd5 34. Rxd5 Bxb2 35. a4 Bc3 36. Rxb6 Ra8 37. Rb3 Be1 38.
Ke2 Re8+ 39. Re3 1-0

[Event "Dun Laoghaire Centenary IM 2010"]
[Site "Dun Laoghaire IRL"]
[Date "2010.08.25"]
[Round "5"]
[White "Daly, Colm"]
[Black "Fitzsimons, David"]
[Result "1-0"]
[WhiteTitle "FM"]
[WhiteElo "2322"]
[BlackElo "2263"]
[WhiteICU "2303"]
[BlackICU "2260"]
[WhiteClub "Bray/Greystones"]
[BlackClub "Elm Mount"]
[WhiteNationality "IRL"]
[BlackNationality "IRL"]
[WhiteFideId "2500434"]
[BlackFideId "2501961"]
[PlyCount "163"]
[EventDate "2010.08.21"]
[Source "TWIC 825"]
[EventFullName "D&uacute;n Laoghaire Centenary IM 2010"]

{ Annotator: Anon., <a href="http://www.icu.ie/games/29704">ICU games
collection (game 29704)</a>.) } { Event information: <a
href="http://www.irlchess.com/dunlaoghaireim2010_allfiles/pairings_dunlaoghaireim2010.html">Tournament
report</a>. }

1. d4 Nf6 2. c4 c5 3. dxc5 e5 4. Nc3 Bxc5 5. e3 Nc6 6. Be2 O-O 7. Bf3 Re8
8. Ne4 Nxe4 9. Bxe4 Qh4 10. Bd5 e4 11. Ne2 d6 12. O-O Bg4 13. h3 Bh5 14.
Bxc6 bxc6 15. Qe1 d5 16. cxd5 cxd5 17. Nf4 Rad8 18. b4 Bd6 19. Nxh5 Qxh5
20. Bb2 Re6 21. a3 Rg6 22. Kh1 Qg5 $2 (22... Rxg2 $1 $19) 23. Rg1 f5 24. g3
Qh5 25. Rg2 Qxh3+ 26. Rh2 Qg4 27. Qd1 Qxd1+ 28. Rxd1 Be7 29. Rh5 Bf6 30.
Bd4 Bxd4 31. Rxd4 Rf6 32. Kg2 g6 33. Rh1 h5 34. Rhd1 Rfd6 35. b5 Kf7 36. a4
Ke6 37. Rc1 R8d7 38. Rc8 Kf6 39. Rf8+ Kg7 40. Rc8 g5 41. a5 Rd8 42. Rc7+
R8d7 43. Rc5 g4 44. Ra4 Kf6 45. Rd4 Kg5 46. Rc8 Rg6 47. Rb4 h4 48. gxh4+
Kxh4 49. Rb8 Rgg7 50. Rd4 Kg5 51. Rc8 Kf6 52. Re8 Rd6 53. Kg3 Rh7 54. Rf8+
Ke5 55. Kg2 Rdh6 56. Re8+ Kf6 57. Rf8+ Ke5 58. Re8+ Re6 59. Rf8 Rb7 60. Rb4
Rf6 61. Re8+ Kd6 62. Rc8 Kd7 63. Rc5 Rd6 64. Kg3 Ke6 65. Rc8 Ke5 66. Re8+
Re6 67. Rxe6+ Kxe6 68. b6 a6 69. Kf4 Kf6 70. Rb1 Ke6 71. Rc1 Kd6 72. Rc8
Rf7 73. Ra8 Kc5 74. Rxa6 d4 75. exd4+ Kxd4 76. Ra7 Rf8 77. Rd7+ Kc5 78. b7
Kc6 79. a6 Kb6 80. Rd6+ Ka7 81. Rc6 Kb8 82. Rc5 1-0

[Event "Dun Laoghaire Centenary IM 2010"]
[Site "Dun Laoghaire IRL"]
[Date "2010.08.25"]
[Round "5"]
[White "Short, Philip"]
[Black "Moskow, Eric"]
[Result "1-0"]
[WhiteTitle "FM"]
[WhiteElo "2296"]
[BlackElo "2193"]
[WhiteICU "2238"]
[WhiteNationality "IRL"]
[BlackNationality "USA"]
[WhiteFideId "2500086"]
[BlackFideId "2003546"]
[PlyCount "61"]
[EventDate "2010.08.21"]
[Source "TWIC 825"]
[EventFullName "D&uacute;n Laoghaire Centenary IM 2010"]

{ Event information: <a
href="http://www.irlchess.com/dunlaoghaireim2010_allfiles/pairings_dunlaoghaireim2010.html">Tournament
report</a>. }

1. d4 Nf6 2. Nf3 e6 3. c4 c5 4. e3 g6 5. Nc3 d6 6. Be2 Nc6 7. O-O Bg7 8. d5
exd5 9. cxd5 Nb4 10. e4 Bg4 11. h3 Bxf3 12. Bxf3 Nd7 13. a3 Na6 14. Bf4 Ne5
15. Be2 O-O 16. Qd2 c4 17. Be3 Rc8 18. f4 Nd3 19. Bxd3 cxd3 20. Qxd3 Nc5
21. Bxc5 Rxc5 22. Kh1 Bxc3 23. bxc3 Qc7 24. Rac1 Rc8 25. Rf3 Qa5 26. f5
Qxa3 27. Qe3 Qa5 28. Qh6 Qd8 29. fxg6 hxg6 30. Rxf7 Kxf7 31. Rf1+ 1-0

[Event "Dun Laoghaire Centenary IM 2010"]
[Site "Dun Laoghaire IRL"]
[Date "2010.08.26"]
[Round "6"]
[White "Rodriguez Lopez, Rafael"]
[Black "Brady, Stephen"]
[Result "1/2-1/2"]
[WhiteTitle "IM"]
[BlackTitle "FM"]
[WhiteElo "2312"]
[BlackElo "2376"]
[BlackICU "2354"]
[BlackClub "Phibsboro"]
[WhiteNationality "ESP"]
[BlackNationality "IRL"]
[WhiteFideId "2204495"]
[BlackFideId "2500124"]
[PlyCount "115"]
[EventDate "2010.08.21"]
[Source "TWIC 825"]
[EventFullName "D&uacute;n Laoghaire Centenary IM 2010"]

{ Event information: <a
href="http://www.irlchess.com/dunlaoghaireim2010_allfiles/pairings_dunlaoghaireim2010.html">Tournament
report</a>. }

1. e4 c6 2. d4 d5 3. Nc3 dxe4 4. Nxe4 Nf6 5. Nxf6+ gxf6 6. c3 Qd5 7. Qb3
Nd7 8. Nf3 Qxb3 9. axb3 a6 10. Bd3 c5 11. O-O e6 12. Be3 Be7 13. dxc5 Nxc5
14. Bc2 f5 15. Bd4 f6 16. Rfe1 Ne4 17. Bxe4 fxe4 18. Rxe4 Bd7 19. Rd1 Rg8
20. Rh4 Rg7 21. Bb6 Bc6 22. Rh3 Bd5 23. c4 Be4 24. Rd4 Bf5 25. Rg3 Rxg3 26.
hxg3 Bc2 27. Rh4 e5 28. Ne1 Bg6 29. Kf1 f5 30. Rh1 Bf6 31. Nc2 f4 32. Nb4
fxg3 33. Nd5 Bd3+ 34. Ke1 gxf2+ 35. Kxf2 Kf7 36. Nxf6 Kxf6 37. Ke3 Bf5 38.
g4 Bg6 39. Rd1 Be8 40. Rd8 Rxd8 41. Bxd8+ Ke6 42. g5 Bf7 43. c5 Kd5 44. b4
Kc4 45. Be7 Bd5 46. Bd6 e4 47. Be7 Bc6 48. Bf8 Kxb4 49. Be7 Kc4 50. Bf8 Kd5
51. Be7 Ke6 52. Bd8 Bd5 53. Kf4 Kd7 54. Bf6 a5 55. Bc3 a4 56. Bf6 Kc7 57.
Ke3 Kc6 58. Be7 1/2-1/2

[Event "Dun Laoghaire Centenary IM 2010"]
[Site "Dun Laoghaire IRL"]
[Date "2010.08.26"]
[Round "6"]
[White "Short, Philip"]
[Black "Griffiths, Ryan-Rhys"]
[Result "1-0"]
[WhiteTitle "FM"]
[WhiteElo "2296"]
[BlackElo "2249"]
[WhiteICU "2238"]
[BlackICU "2251"]
[BlackClub "Kilkenny"]
[WhiteNationality "IRL"]
[BlackNationality "IRL"]
[WhiteFideId "2500086"]
[BlackFideId "2502054"]
[PlyCount "125"]
[EventDate "2010.08.21"]
[Source "TWIC 825"]
[EventFullName "D&uacute;n Laoghaire Centenary IM 2010"]

{ Event information: <a
href="http://www.irlchess.com/dunlaoghaireim2010_allfiles/pairings_dunlaoghaireim2010.html">Tournament
report</a>. }

1. d4 Nf6 2. c4 e6 3. Nc3 Bb4 4. e3 O-O 5. Ne2 d5 6. a3 Be7 7. Ng3 c5 8.
cxd5 exd5 9. Bd3 Nc6 10. O-O Re8 11. dxc5 Bxc5 12. b4 Bb6 13. Nh5 Be6 14.
Nxf6+ Qxf6 15. Bb2 Qg5 16. Kh1 Qh4 17. Na4 Bc7 18. f4 Rad8 19. Qe1 Qh6 20.
Rc1 Bb8 21. Qf2 Ne7 22. Nc5 Bc8 23. Bb5 Rf8 24. g4 b6 25. Nb3 d4 26. Nxd4
Bb7+ 27. Kg1 a6 28. Be2 Rfe8 29. Bf3 Nd5 30. Nf5 Qg6 31. Rfd1 Rd7 32. Qg2
Red8 33. Bxd5 h5 34. gxh5 Qxg2+ 35. Kxg2 Bxd5+ 36. Rxd5 Rxd5 37. Ne7+ Kh7
38. Nxd5 Rxd5 39. Bd4 Bxf4 40. Bxb6 Rd2+ 41. Kf3 Bxh2 42. Bd4 Ra2 43. Ra1
Rc2 44. a4 Rc4 45. b5 axb5 46. axb5 Rb4 47. Ra2 Bb8 48. Rb2 Rc4 49. Ke4 Rc7
50. Ra2 Kh6 51. b6 Rc6 52. Ra8 Bh2 53. b7 f6 54. Kf5 Kh7 55. b8=Q Bxb8 56.
Rxb8 Rc1 57. Rb5 Rh1 58. Ke6 Kh6 59. Kf7 Rf1 60. Rb8 Kxh5 61. Kxg7 f5 62.
Be5 Rb1 63. Rxb1 1-0

[Event "Dun Laoghaire Centenary IM 2010"]
[Site "Dun Laoghaire IRL"]
[Date "2010.08.26"]
[Round "6"]
[White "Tvarijonas, Povilas"]
[Black "Ansell, Simon"]
[Result "0-1"]
[WhiteTitle "FM"]
[BlackTitle "IM"]
[WhiteElo "2370"]
[BlackElo "2398"]
[WhiteNationality "LTU"]
[BlackNationality "ENG"]
[WhiteFideId "12802581"]
[BlackFideId "402141"]
[PlyCount "76"]
[EventDate "2010.08.21"]
[Source "TWIC 825"]
[EventFullName "D&uacute;n Laoghaire Centenary IM 2010"]

{ Event information: <a
href="http://www.irlchess.com/dunlaoghaireim2010_allfiles/pairings_dunlaoghaireim2010.html">Tournament
report</a>. }

1. e4 c6 2. d4 d5 3. f3 g6 4. Be3 Qb6 5. Qc1 Bg7 6. e5 c5 7. c3 Nc6 8. dxc5
Qc7 9. Bb5 Bd7 10. e6 Bxe6 11. Ne2 Bd7 12. O-O Nf6 13. c4 a6 14. Bf4 e5 15.
Bxc6 Bxc6 16. Qe3 Nd7 17. cxd5 Bxd5 18. Nbc3 Be6 19. Bh6 Bxh6 20. Qxh6
Qxc5+ 21. Kh1 Qf8 22. Qd2 Qe7 23. Ne4 O-O 24. Qh6 f6 25. N2g3 Nc5 26. Nxc5
Qxc5 27. f4 exf4 28. Qxf4 Qg5 29. Qf2 Bd5 30. Rae1 Rae8 31. b3 f5 32. h3
Rxe1 33. Rxe1 Qh4 34. Kg1 f4 35. Qd4 Bc6 36. Qc4+ Rf7 37. Re3 Qd8 38. Rd3
Qb6+ 0-1

[Event "Dun Laoghaire Centenary IM 2010"]
[Site "Dun Laoghaire IRL"]
[Date "2010.08.27"]
[Round "7"]
[White "Ansell, Simon"]
[Black "Rodriguez Lopez, Rafael"]
[Result "0-1"]
[WhiteTitle "IM"]
[BlackTitle "IM"]
[WhiteElo "2398"]
[BlackElo "2312"]
[WhiteNationality "ENG"]
[BlackNationality "ESP"]
[WhiteFideId "402141"]
[BlackFideId "2204495"]
[PlyCount "56"]
[EventDate "2010.08.21"]
[Source "TWIC 825"]
[EventFullName "D&uacute;n Laoghaire Centenary IM 2010"]

{ Event information: <a
href="http://www.irlchess.com/dunlaoghaireim2010_allfiles/pairings_dunlaoghaireim2010.html">Tournament
report</a>. }

1. d4 Nf6 2. Nf3 e6 3. c4 c5 4. Nc3 cxd4 5. Nxd4 Nc6 6. Bg5 Be7 7. Qd2 O-O
8. e3 Nxd4 9. exd4 h6 10. Bh4 b6 11. Be2 Bb7 12. O-O Rc8 13. Rac1 d5 14.
cxd5 Nxd5 15. Bg3 Nxc3 16. bxc3 Ba3 17. Rb1 Bd6 18. Rfc1 Bxg3 19. hxg3 Qd5
20. Bf1 Rfd8 21. Re1 Qa5 22. Re3 Ba6 23. Bxa6 Qxa6 24. g4 Qa5 25. Rg3 Rd5
26. Rb4 b5 27. a4 bxa4 28. Qc2 Qxb4 0-1

[Event "Dun Laoghaire Centenary IM 2010"]
[Site "Dun Laoghaire IRL"]
[Date "2010.08.27"]
[Round "7"]
[White "Daly, Colm"]
[Black "Tvarijonas, Povilas"]
[Result "0-1"]
[WhiteTitle "FM"]
[BlackTitle "FM"]
[WhiteElo "2322"]
[BlackElo "2370"]
[WhiteICU "2303"]
[WhiteClub "Bray/Greystones"]
[WhiteNationality "IRL"]
[BlackNationality "LTU"]
[WhiteFideId "2500434"]
[BlackFideId "12802581"]
[PlyCount "181"]
[EventDate "2010.08.21"]
[Source "TWIC 825"]
[EventFullName "D&uacute;n Laoghaire Centenary IM 2010"]

{ Event information: <a
href="http://www.irlchess.com/dunlaoghaireim2010_allfiles/pairings_dunlaoghaireim2010.html">Tournament
report</a>. }

1. c4 Nf6 2. Nf3 e6 3. g3 d5 4. b3 c5 5. Bg2 Nc6 6. cxd5 exd5 7. d4 cxd4 8.
O-O Bc5 9. Bb2 Qb6 10. Na3 Bg4 11. Nc2 Bxf3 12. Bxf3 O-O 13. e3 dxe3 14.
Bxf6 exf2+ 15. Kg2 gxf6 16. Bxd5 Ne5 17. Qh5 Rad8 18. Be4 Ng6 19. b4 Qe6
20. Qf3 Bb6 21. a4 Ne5 22. Qh5 Ng6 23. Qf3 Rd2 24. a5 Bc7 25. Rxf2 Rxf2+
26. Kxf2 Rd8 27. Re1 Qh3 28. Qg2 Rd2+ 29. Re2 Rxe2+ 30. Kxe2 Qh5+ 31. Kd2
Qg5+ 32. Kd1 Ne5 33. Qe2 b6 34. a6 Bd6 35. Bd5 Qf5 36. Be4 Qd7 37. Ke1 Qe7
38. b5 Bc5 39. Kf1 Qd6 40. Kg2 f5 41. Bb7 Ng4 42. Bc6 Qg6 43. Bb7 Qh6 44.
h3 Nf6 45. Ne1 Qg6 46. Nd3 Bd6 47. Ne5 Qg7 48. Bc6 Ne4 49. Bxe4 Qxe5 50.
Bf3 Qxg3+ 51. Kf1 Kf8 52. Qg2 Qf4 53. Qe2 Bc5 54. Qd3 Qg3 55. Ke2 Qe5+ 56.
Kd1 Bd4 57. Bc6 Kg7 58. Qf3 Be3 59. Qg2+ Kf6 60. Qd5 Qe6 61. Qd8+ Kg7 62.
Qd3 f4 63. Qd5 Qf6 64. Qg2+ Kf8 65. Ke2 Bc5 66. Qe4 Qb2+ 67. Kd3 Qb3+ 68.
Ke2 Qxh3 69. Qxf4 Qe6+ 70. Kf1 Bd6 71. Qe4 Qg6 72. Qe8+ Kg7 73. Qd7 Qd3+
74. Kg2 Qe2+ 75. Kh3 Qh2+ 76. Kg4 Qf4+ 77. Kh5 Qe5+ 78. Kg4 h5+ 79. Kf3
Qg3+ 80. Ke4 Qe5+ 81. Kf3 Qc3+ 82. Kf2 Bc5+ 83. Kg2 Qc2+ 84. Kg3 Bf2+ 85.
Kh3 Qc3+ 86. Kg2 Bh4 87. Qh3 Qd2+ 88. Kh1 Qe1+ 89. Kg2 Qe2+ 90. Kh1 Bg5 91.
Qf3 0-1

[Event "Dun Laoghaire Centenary IM 2010"]
[Site "Dun Laoghaire IRL"]
[Date "2010.08.27"]
[Round "7"]
[White "Fitzsimons, David"]
[Black "Cech, Pavel"]
[Result "1-0"]
[BlackTitle "IM"]
[WhiteElo "2263"]
[BlackElo "2410"]
[WhiteICU "2260"]
[WhiteClub "Elm Mount"]
[WhiteNationality "IRL"]
[BlackNationality "CZE"]
[WhiteFideId "2501961"]
[BlackFideId "302139"]
[PlyCount "57"]
[EventDate "2010.08.21"]
[Source "TWIC 825"]
[EventFullName "D&uacute;n Laoghaire Centenary IM 2010"]
[BlackFullName "&#268;ech, Pavel"]

{ Annotator: Anon., <a href="http://www.icu.ie/games/29719">ICU games
collection (game 29719)</a>. } { Event information: <a
href="http://www.irlchess.com/dunlaoghaireim2010_allfiles/pairings_dunlaoghaireim2010.html">Tournament
report</a>. }

1. e4 e6 2. d4 d5 3. Nd2 Nf6 4. e5 Nfd7 5. c3 c5 6. Bd3 Nc6 7. Ndf3 cxd4 8.
cxd4 f6 9. exf6 Nxf6 10. Nh3 Bd6 11. O-O O-O 12. Re1 Qc7 13. Nhg5 e5 14.
dxe5 Nxe5 15. Bxh7+ Nxh7 16. Nxe5 Nf6 17. Nef3 Bf5 18. Be3 Rac8 19. Rc1 Qa5
20. Qb3 Qa6 21. Bd4 Rc4 22. Bc3 Ne4 23. Nxe4 Bxe4 24. Rxe4 dxe4 25. Nd2 Bf4
26. Bb4 e3 27. Rxc4 exf2+ 28. Kxf2 Qb6+ 29. Ke2 1-0

[Event "Dun Laoghaire Centenary IM 2010"]
[Site "Dun Laoghaire IRL"]
[Date "2010.08.27"]
[Round "7"]
[White "Griffiths, Ryan-Rhys"]
[Black "Moskow, Eric"]
[Result "1/2-1/2"]
[WhiteElo "2249"]
[BlackElo "2193"]
[WhiteICU "2251"]
[WhiteClub "Kilkenny"]
[WhiteNationality "IRL"]
[BlackNationality "USA"]
[WhiteFideId "2502054"]
[BlackFideId "2003546"]
[PlyCount "81"]
[EventDate "2010.08.21"]
[Source "TWIC 825"]
[EventFullName "D&uacute;n Laoghaire Centenary IM 2010"]

{ Event information: <a
href="http://www.irlchess.com/dunlaoghaireim2010_allfiles/pairings_dunlaoghaireim2010.html">Tournament
report</a>. }

1. c4 Nf6 2. Nc3 g6 3. g3 Bg7 4. Bg2 d6 5. d3 Nc6 6. e4 e5 7. Nge2 O-O 8.
O-O Nd7 9. Be3 Nc5 10. Nd5 Ne6 11. Qd2 Ned4 12. b4 Nxe2+ 13. Qxe2 Nd4 14.
Bxd4 exd4 15. b5 c6 16. bxc6 bxc6 17. Nb4 Bd7 18. Rab1 a5 19. Nc2 Qc7 20.
Rb2 Rab8 21. Rfb1 Rxb2 22. Rxb2 Rb8 23. Na1 Rb6 24. Qc2 Qb7 25. Rxb6 Qxb6
26. Qb3 Qb4 27. Qxb4 axb4 28. Nb3 c5 29. Kf1 g5 30. f3 Be5 31. Kf2 h5 32.
Bf1 Kg7 33. Be2 Kg6 34. Kg2 f5 35. h3 h4 36. g4 fxg4 37. fxg4 Ba4 38. Kf3
Bg3 39. Bd1 Kf6 40. Bc2 Bxb3 41. axb3 1/2-1/2

[Event "Dun Laoghaire Centenary IM 2010"]
[Site "Dun Laoghaire IRL"]
[Date "2010.08.28"]
[Round "8"]
[White "Griffiths, Ryan-Rhys"]
[Black "Brady, Stephen"]
[Result "1/2-1/2"]
[BlackTitle "FM"]
[WhiteElo "2249"]
[BlackElo "2376"]
[WhiteICU "2251"]
[BlackICU "2354"]
[WhiteClub "Kilkenny"]
[BlackClub "Phibsboro"]
[WhiteNationality "IRL"]
[BlackNationality "IRL"]
[WhiteFideId "2502054"]
[BlackFideId "2500124"]
[PlyCount "120"]
[EventDate "2010.08.21"]
[Source "TWIC 825"]
[EventFullName "D&uacute;n Laoghaire Centenary IM 2010"]

{ Event information: <a
href="http://www.irlchess.com/dunlaoghaireim2010_allfiles/pairings_dunlaoghaireim2010.html">Tournament
report</a>. }

1. c4 e6 2. e4 d5 3. exd5 exd5 4. d4 Nf6 5. Nc3 Be7 6. Bd3 O-O 7. Nge2 Nc6
8. O-O Nb4 9. Re1 Nxd3 10. Qxd3 dxc4 11. Qxc4 c6 12. Bf4 Be6 13. Qd3 Re8
14. Be5 Nd5 15. Ne4 f6 16. Bg3 Nb4 17. Qd1 Nxa2 18. Nc5 Bxc5 19. dxc5 Qxd1
20. Raxd1 Nb4 21. Nd4 Bd7 22. f3 Nd5 23. Kf2 Rxe1 24. Rxe1 Kf7 25. Bd6 h5
26. h4 b5 27. g4 hxg4 28. fxg4 a5 29. g5 fxg5 30. Nf3 Re8 31. Ne5+ Rxe5 32.
Rxe5 gxh4 33. Rh5 h3 34. Kg3 Nf6 35. Re5 Be6 36. Re1 a4 37. Be5 Nd5 38.
Bxg7 Nb4 39. Bc3 Nd3 40. Rf1+ Ke7 41. Bf6+ Kd7 42. Bd4 b4 43. Rd1 Bf5 44.
Ra1 Ke6 45. Rxa4 Kd5 46. Bg7 Kc4 47. Ra6 Kb5 48. Ra8 Nxc5 49. Rf8 Be6 50.
Rf4 Na4 51. Rf6 Bd5 52. Kxh3 Kc4 53. Rf2 c5 54. Kg3 Kb3 55. Kf4 c4 56. Ke3
Bg8 57. Rh2 Bf7 58. Rg2 Bh5 59. Rd2 Bg6 60. Bf8 Bf5 1/2-1/2

[Event "Dun Laoghaire Centenary IM 2010"]
[Site "Dun Laoghaire IRL"]
[Date "2010.08.28"]
[Round "8"]
[White "Rodriguez Lopez, Rafael"]
[Black "Daly, Colm"]
[Result "0-1"]
[WhiteTitle "IM"]
[BlackTitle "FM"]
[WhiteElo "2312"]
[BlackElo "2322"]
[BlackICU "2303"]
[BlackClub "Bray/Greystones"]
[WhiteNationality "ESP"]
[BlackNationality "IRL"]
[WhiteFideId "2204495"]
[BlackFideId "2500434"]
[PlyCount "116"]
[EventDate "2010.08.21"]
[Source "TWIC 825"]
[EventFullName "D&uacute;n Laoghaire Centenary IM 2010"]

{ Event information: <a
href="http://www.irlchess.com/dunlaoghaireim2010_allfiles/pairings_dunlaoghaireim2010.html">Tournament
report</a>. }

1. e4 c5 2. Nf3 e6 3. d4 cxd4 4. Nxd4 Nc6 5. Nb5 d6 6. c4 Nf6 7. N1c3 a6 8.
Nd4 Be7 9. Be2 O-O 10. O-O Bd7 11. Be3 Qb8 12. Nb3 Rd8 13. f4 Be8 14. Qe1
b5 15. cxb5 axb5 16. Bf3 b4 17. Ne2 e5 18. Ng3 g6 19. f5 Kh8 20. Qf2 Bd7
21. Kh1 Rg8 22. Be2 gxf5 23. Nxf5 Nxe4 24. Qf3 Bxf5 25. Qxf5 d5 26. Qxf7
Qd6 27. Rad1 Rgf8 28. Qxd5 Rxf1+ 29. Bxf1 Qxd5 30. Rxd5 Rxa2 31. Bc1 Bg5
32. Bxg5 Nxg5 33. Rd2 Ne6 34. Kg1 Ned4 35. Nxd4 Nxd4 36. Bc4 Ra1+ 37. Kf2
Rh1 38. h3 Rc1 39. Bd5 Kg7 40. Ke3 h5 41. Ke4 Re1+ 42. Kd3 b3 43. g4 h4 44.
Rf2 Kg6 45. Kd2 Rg1 46. Bg2 Kg5 47. Kd3 Rc1 48. Be4 Rd1+ 49. Kc4 Rc1+ 50.
Kd5 Rc2 51. Bxc2 bxc2 52. Rxc2 Nxc2 53. Kxe5 Ne3 54. b4 Nxg4+ 55. Ke6 Ne3
56. b5 Nc4 57. Kd5 Nb6+ 58. Ke5 Na4 0-1

[Event "Dun Laoghaire Centenary IM 2010"]
[Site "Dun Laoghaire IRL"]
[Date "2010.08.28"]
[Round "8"]
[White "Short, Philip"]
[Black "Ansell, Simon"]
[Result "0-1"]
[WhiteTitle "FM"]
[BlackTitle "IM"]
[WhiteElo "2296"]
[BlackElo "2398"]
[WhiteICU "2238"]
[WhiteNationality "IRL"]
[BlackNationality "ENG"]
[WhiteFideId "2500086"]
[BlackFideId "402141"]
[PlyCount "95"]
[EventDate "2010.08.21"]
[Source "TWIC 825"]
[EventFullName "D&uacute;n Laoghaire Centenary IM 2010"]

{ Event information: <a
href="http://www.irlchess.com/dunlaoghaireim2010_allfiles/pairings_dunlaoghaireim2010.html">Tournament
report</a>. }

1. d4 d5 2. Nf3 Nf6 3. c4 c6 4. Nc3 dxc4 5. a4 Bf5 6. e3 e6 7. Bxc4 Bb4 8.
O-O O-O 9. Qe2 Nbd7 10. e4 Bg6 11. e5 Nd5 12. Nxd5 cxd5 13. Bd3 Bxd3 14.
Qxd3 Be7 15. Bd2 Nb8 16. a5 a6 17. Bc3 Nc6 18. Qd2 Qd7 19. Ne1 f6 20. exf6
Rxf6 21. f4 Rc8 22. Nd3 Rf5 23. Rae1 Bd6 24. Rf2 Qf7 25. g3 Qg6 26. Qe3 Re8
27. Kg2 h5 28. h3 Rf7 29. Ree2 Kh7 30. Re1 Rff8 31. Ree2 Ne7 32. Ne1 Nf5
33. Qd3 h4 34. g4 Ng3 35. Qxg6+ Kxg6 36. f5+ exf5 37. Rxe8 Rxe8 38. Nf3
fxg4 39. hxg4 Rh8 40. Ne5+ Bxe5 41. dxe5 Ne4 42. Rf5 Ng5 43. Bd2 Ne6 44.
Rf3 Rc8 45. Rc3 Rxc3 46. bxc3 Kf7 47. g5 Kg6 48. Kh3 0-1

[Event "Dun Laoghaire Centenary IM 2010"]
[Site "Dun Laoghaire IRL"]
[Date "2010.08.28"]
[Round "8"]
[White "Tvarijonas, Povilas"]
[Black "Fitzsimons, David"]
[Result "1-0"]
[WhiteTitle "FM"]
[WhiteElo "2370"]
[BlackElo "2263"]
[BlackICU "2260"]
[BlackClub "Elm Mount"]
[WhiteNationality "LTU"]
[BlackNationality "IRL"]
[WhiteFideId "12802581"]
[BlackFideId "2501961"]
[PlyCount "71"]
[EventDate "2010.08.21"]
[Source "TWIC 825"]
[EventFullName "D&uacute;n Laoghaire Centenary IM 2010"]

{ Event information: <a
href="http://www.irlchess.com/dunlaoghaireim2010_allfiles/pairings_dunlaoghaireim2010.html">Tournament
report</a>. }

1. e4 c5 2. Nf3 d6 3. d4 cxd4 4. Nxd4 Nf6 5. Nc3 g6 6. Be3 Bg7 7. f3 a6 8.
Qd2 Nbd7 9. a4 b6 10. Bh6 Bxh6 11. Qxh6 Bb7 12. Bc4 Ne5 13. Bb3 Qc7 14.
O-O-O Nc4 15. Rhe1 O-O-O 16. Rd3 Kb8 17. Qh4 Rc8 18. Kb1 Qc5 19. f4 Rc7 20.
g4 Rhc8 21. g5 e5 22. fxe5 dxe5 23. gxf6 exd4 24. Nd5 Rd7 25. Red1 Ka7 26.
Rxd4 Ne3 27. R1d3 Bxd5 28. Qh3 Rdc7 29. Qxe3 Bxb3 30. cxb3 Qc2+ 31. Ka2
Qxh2 32. Rd6 Rc6 33. Rxc6 Rxc6 34. Rd7+ Rc7 35. Rxc7+ Qxc7 36. a5 1-0

[Event "Dun Laoghaire Centenary IM 2010"]
[Site "Dun Laoghaire IRL"]
[Date "2010.08.29"]
[Round "9"]
[White "Ansell, Simon"]
[Black "Griffiths, Ryan-Rhys"]
[Result "1-0"]
[WhiteTitle "IM"]
[WhiteElo "2398"]
[BlackElo "2249"]
[BlackICU "2251"]
[BlackClub "Kilkenny"]
[WhiteNationality "ENG"]
[BlackNationality "IRL"]
[WhiteFideId "402141"]
[BlackFideId "2502054"]
[PlyCount "109"]
[EventDate "2010.08.21"]
[Source "TWIC 825"]
[EventFullName "D&uacute;n Laoghaire Centenary IM 2010"]

{ Event information: <a
href="http://www.irlchess.com/dunlaoghaireim2010_allfiles/pairings_dunlaoghaireim2010.html">Tournament
report</a>. }

1. d4 Nf6 2. Nf3 e6 3. g3 b5 4. Bg5 Be7 5. Nbd2 Bb7 6. Bg2 c5 7. c3 Na6 8.
O-O O-O 9. e3 h6 10. Bxf6 Bxf6 11. Ne1 Bxg2 12. Kxg2 Qb6 13. Nd3 Rfc8 14.
Qf3 d5 15. a3 b4 16. axb4 cxb4 17. c4 Nc7 18. Rfc1 a5 19. Nc5 Qd6 20. cxd5
exd5 21. Ndb3 Ne6 22. Nb7 Qd7 23. Rxc8+ Rxc8 24. N7c5 Nxc5 25. Nxc5 Qd8 26.
Nb7 Qd7 27. Nxa5 Rc2 28. Nb3 Rxb2 29. Ra8+ Kh7 30. Nc5 Qe7 31. Ra6 Bg5 32.
Nd3 Rd2 33. Ne5 b3 34. Qf5+ g6 35. Rxg6 fxg6 36. Qxg6+ Kh8 37. Nf7+ Qxf7
38. Qxf7 b2 39. Qe8+ Kg7 40. Qd7+ Kh8 41. Qc8+ Kg7 42. Qb7+ Kh8 43. Qb3 Be7
44. Kf3 Ba3 45. g4 Kg7 46. h4 Kh8 47. h5 Kg7 48. g5 hxg5 49. Qb6 g4+ 50.
Kg2 g3 51. Kxg3 Rd1 52. Qc7+ Kh6 53. Qf4+ Kh7 54. Qf5+ Kh8 55. Qc8+ 1-0